00621nam a2200193Ia 450000500170000000800410001701600140005804000170007205000160008908200120010510000410011724500790015826000360023730000230027350000300029656300100032665000460033665000450038220241212122556.0210303s9999 xx 000 0 und d 2reto2022b aNLNbEnglish aPQ4285b.E5 a858.109 aWRIGHT, Herbert Gladstoned1888eaut 0aBoccaccio in England, from Chaucer to Tennyson /cHerbert Gladstone Wright aN. J. :bEssential Books,c1957 axiv, 495p.b;24cm. aBibliographical footnotes a(pbk) aBoccaccio, Giovanni, 1313-1375vInfluence aEnglish literaturevHistory. & criticism